00257nam a2200109Ia 4500008004100000041001200041082001100053100001400064245005700078260000600135650000600141221030s9999 xx 000 0 und d aEnglish a105.23 aM. K. Roy 0aTheory & Problems in Cobal Programmingcby M. K. Roy c0 aB